Statistics for Types of Renewable Energy

Click here to take the quiz!

General Stats

  • This quiz has been taken 56 times
  • The average score is 4 of 6

Answer Stats

Energy Types% Correct
Wind
98%
Solar
96%
Hydroelectric
75%
Geothermal
64%
Biomass
53%
Tidal
47%

Score Distribution

Percentile by Number Answered

Percent of People with Each Score

Your Score History

You have not taken this quiz